[Event "Challenge"]
[Site "http://www.queenalice.com/game.php?id=988549"]
[Date "2011.9.22"]
[Round "-"]
[White "JeanRezende"]
[Black "mibmiranda"]
[Result "0-1"]
[WhiteElo "1345"]
[BlackElo "1332"]

1. e4 e5 2. Qh5 Nc6 3. Bc4 Nh6 4. d3 Be7 5. Bxh6 d5 6. exd5 Nd4 7. Kd2 gxh6 8.
Qxh6 Bg5+ 9. Qxg5 Qxg5+ 10. Kd1 Qxg2 0-1

[Event "Challenge"]
[Site "http://www.queenalice.com/game.php?id=990509"]
[Date "2011.9.27"]
[Round "-"]
[White "mibmiranda"]
[Black "rsiqueira"]
[Result "1-0"]
[WhiteElo "1351"]
[BlackElo "1513"]

1. e4 e5 2. Nf3 Nc6 3. Nc3 d6 4. b3 Nf6 5. Bb2 a6 6. g3 Bg4 7. Bg2 g6 8. d3 Bg7
9. Qd2 Nd4 10. Nxd4 exd4 11. Nd5 Nxd5 12. exd5 Qe7+ 13. Kf1 O-O 14. Qf4 Qe2+ 15.
Kg1 Qxc2 16. Bxd4 Bf5 17. Bxg7 Kxg7 18. h4 Rae8 19. h5 Qxd3 20. hxg6 fxg6 21.
Qh6+ Kg8 22. Qxh7# 1-0

[Event "Challenge"]
[Site "http://www.queenalice.com/game.php?id=992918"]
[Date "2011.10.3"]
[Round "-"]
[White "sylviamm"]
[Black "mibmiranda"]
[Result "0-1"]
[WhiteElo "1248"]
[BlackElo "1354"]

1. e4 e5 2. Nc3 Nf6 3. Nf3 d6 4. Nd5 Nxe4 5. d3 Nc5 6. Bg5 f6 7. Bh4 c6 8. Ne3
Be7 9. Nf5 Bxf5 10. d4 Qa5+ 11. c3 Na4 12. b4 Nxc3 13. Qb3 Qb6 14. Qxc3 a5 15.
a3 e4 16. Nd2 d5 17. Nb3 axb4 18. axb4 Rxa1+ 19. Nxa1 Bxb4 0-1

[Event "Challenge"]
[Site "http://www.queenalice.com/game.php?id=992921"]
[Date "2011.10.3"]
[Round "-"]
[White "mibmiranda"]
[Black "sylviamm"]
[Result "1-0"]
[WhiteElo "1366"]
[BlackElo "1254"]

1. e4 e5 2. Nc3 Nf6 3. Nf3 Nc6 4. d3 Nd4 5. Nxd4 exd4 6. Na4 c5 7. Bd2 g6 8. Be2
Bg7 9. Nxc5 d5 10. O-O O-O 11. Bf3 Nd7 12. Bb4 Ne5 13. Be2 Nc6 14. Ba3 Re8 15.
Qd2 f5 16. Bf3 dxe4 17. dxe4 Ne5 18. Bd1 b6 19. Nb3 fxe4 20. Nxd4 Nc4 21. Qf4
Bxd4 22. c3 Bc5 23. Bb3 Qd4 24. cxd4 Rf8 25. Qxe4 Bf5 26. Bxc4+ 1-0

[Event "Challenge"]
[Site "http://www.queenalice.com/game.php?id=994864"]
[Date "2011.10.8"]
[Round "-"]
[White "Petrucio"]
[Black "mibmiranda"]
[Result "0-1"]
[WhiteElo "1289"]
[BlackElo "1356"]

1. c4 e5 2. a4 Nc6 3. Nc3 Nf6 4. e4 d6 5. Nd5 Nxe4 6. f3 Nc5 7. b3 Bf5 8. d3 g6
9. Rb1 Bg7 10. Bd2 Nxd3+ 11. Bxd3 Bxd3 12. Rc1 O-O 13. Rc3 Bf5 14. f4 Re8 15.
Re3 Nd4 16. fxe5 dxe5 17. h3 c6 18. h4 cxd5 19. c5 Nc2+ 20. Ke2 Nxe3 21. Bxe3
Bg4+ 22. Nf3 e4 23. Kd2 exf3 24. gxf3 d4 25. Bg5 Qa5+ 26. Kd3 Qc3# 0-1

[Event "Challenge"]
[Site "http://www.queenalice.com/game.php?id=995214"]
[Date "2011.10.9"]
[Round "-"]
[White "mibmiranda"]
[Black "juliocat"]
[Result "0-1"]
[WhiteElo "1401"]
[BlackElo "1451"]

1. e4 e5 2. Nf3 Qe7 3. d4 exd4 4. Nxd4 d5 5. f3 dxe4 6. fxe4 Qxe4+ 7. Ne2 Bb4+
8. Bd2 Bg4 9. c3 Ba5 10. Na3 Nf6 11. Kf2 Bb6+ 12. Nd4 Bxd1 13. Rxd1 O-O 14. Be2
Nc6 15. Ke1 Qxg2 16. Rf1 Nxd4 17. cxd4 Rfe8 18. Rf2 Qh1+ 19. Rf1 Qxh2 20. Rf2
Qh4 21. Nc2 Ng4 22. Be3 Rxe3 23. Rd3 Qxf2+ 24. Kd1 Qxe2+ 25. Kc1 Rxd3 0-1

[Event "Challenge"]
[Site "http://www.queenalice.com/game.php?id=995622"]
[Date "2011.10.10"]
[Round "-"]
[White "sylviamm"]
[Black "mibmiranda"]
[Result "1-0"]
[WhiteElo "1236"]
[BlackElo "1378"]

1. Nf3 Nf6 2. d4 d5 3. g3 Nc6 4. Bg2 e6 5. O-O Bd6 6. Nbd2 Bd7 7. Re1 Qe7 8. e4
dxe4 9. Nxe4 Nd5 10. Ne5 h5 11. Bg5 f6 12. Ng6 Qf7 13. Nxh8 Qg8 14. Qxh5+ g6 15.
Nxg6 fxg5 16. c4 Nxd4 17. cxd5 O-O-O 18. Rad1 Bb4 19. Nd2 Rf8 20. Re4 Qf7 21.
Nf3 Bb5 22. Nxd4 Ba4 23. dxe6 Qxf2+ 24. Kh1 Bxd1 25. Qxd1 Bc5 26. e7 Re8 27.
Qg4+ Kb8 28. Qd7 Bxd4 29. Qxe8# 1-0

[Event "Challenge"]
[Site "http://www.queenalice.com/game.php?id=996326"]
[Date "2011.10.12"]
[Round "-"]
[White "ag_230108"]
[Black "mibmiranda"]
[Result "1-0"]
[WhiteElo "1931"]
[BlackElo "1369"]

1. d4 Nf6 2. Nc3 d5 3. e4 dxe4 4. f3 exf3 5. Nxf3 Be6 6. Bd3 Nc6 7. Bf4 g6 8.
Qd2 Bg7 9. Nb5 O-O 10. Nxc7 Rc8 11. Nxe6 fxe6 12. c3 Nh5 13. Bh6 e5 14. O-O exd4
15. cxd4 Nxd4 16. Ng5 Bxh6 17. h4 Qb6 18. Kh2 Qc7+ 19. Kg1 Rf4 20. Rxf4 Nxf4 21.
Rf1 Rf8 22. Kh1 Nxd3 23. Rxf8+ Bxf8 24. Qxd3 Bg7 25. Qe3 Nf5 26. Qe6+ Kh8 27.
Nf7+ Kg8 28. Nh6+ Kf8 29. Qf7# 1-0

[Event "Challenge"]
[Site "http://www.queenalice.com/game.php?id=996872"]
[Date "2011.10.13"]
[Round "-"]
[White "mibmiranda"]
[Black "sylviamm"]
[Result "1-0"]
[WhiteElo "1380"]
[BlackElo "1251"]

1. e4 e5 2. Nf3 Nc6 3. Be2 Bb4 4. c3 Bc5 5. O-O Nf6 6. d3 b6 7. Na3 O-O 8. Nc4
Ng4 9. Bg5 f6 10. Bh4 d6 11. Qb3 Qd7 12. Ncxe5+ Qe6 13. Nxc6 Bxf2+ 14. Bxf2 Nxf2
15. Rxf2 d5 16. exd5 Qe3 17. Nfd4 Re8 18. Bf3 Ba6 19. c4 b5 20. cxb5 Bc8 21. h3
Kh8 22. Kf1 Qg5 23. Re1 Bd7 24. Ne7 Rab8 25. Qc3 Qh4 26. Ndf5 Qf4 27. Re4 Qh2
28. g4 Qxh3+ 29. Bg2 Qh2 30. a4 c6 31. dxc6 Bc8 32. Nxc8 Rd8 33. Re7 Rbxc8 34.
Nxg7 Qd6 35. Nf5 Qxd3+ 36. Rfe2 Qd1+ 37. Kf2 Rf8 38. g5 Qd8 39. gxf6 Rg8 40. f7+
1-0

[Event "Challenge"]
[Site "http://www.queenalice.com/game.php?id=997305"]
[Date "2011.10.14"]
[Round "-"]
[White "sylviamm"]
[Black "mibmiranda"]
[Result "0-1"]
[WhiteElo "1229"]
[BlackElo "1391"]

1. Nf3 Nf6 2. d4 d5 3. g3 Nc6 4. Bf4 g6 5. Bg2 Bg7 6. O-O O-O 7. Nc3 Bf5 8. Ne5
Nxe5 9. Bxe5 c6 10. e4 Nxe4 11. Re1 Nxc3 12. Qd2 Nb5 13. Bxg7 Kxg7 14. a4 Nd6
15. Qe2 e6 16. g4 Be4 17. f3 Bxf3 18. Bxf3 f5 19. Qe5+ Rf6 20. g5 Nc4 21. gxf6+
Qxf6 22. Qc7+ Qf7 23. Qf4 Nxb2 24. c3 Nd3 25. Re3 Nxf4 26. Be2 h5 27. Kf2 g5 28.
Rg1 g4 29. Rb1 Nh3+ 30. Ke1 Nf4 31. Bf1 Rb8 32. h3 b5 33. axb5 cxb5 34. Bxb5
Ng2+ 35. Ke2 Nxe3 36. Kxe3 gxh3 0-1

[Event "Challenge"]
[Site "http://www.queenalice.com/game.php?id=997963"]
[Date "2011.10.16"]
[Round "-"]
[White "Petrucio"]
[Black "mibmiranda"]
[Result "0-1"]
[WhiteElo "1304"]
[BlackElo "1367"]

1. g4 Nc6 2. Bg2 e5 3. d3 d6 4. Bd5 Bd7 5. e4 g6 6. h4 Qe7 7. Qf3 Nd4 8. Qg3 Nf6
9. g5 Ng4 10. c3 Nc6 11. Qf3 Bg7 12. Bxf7+ Qxf7 13. Qg3 O-O 14. f3 a5 15. fxg4
Qf1+ 16. Kd2 Rf2+ 17. Ke3 Qe1+ 18. Ne2 Qxe2# 0-1

[Event "Challenge"]
[Site "http://www.queenalice.com/game.php?id=1001743"]
[Date "2011.10.26"]
[Round "-"]
[White "mibmiranda"]
[Black "sylviamm"]
[Result "1-0"]
[WhiteElo "1398"]
[BlackElo "1219"]

1. Nc3 c5 2. e4 e5 3. Nf3 d6 4. Bc4 Be7 5. d3 Nc6 6. Be3 Nf6 7. O-O O-O 8. b3
Nd4 9. Nd5 Bg4 10. h3 Nxf3+ 11. gxf3 Bxh3 12. Re1 Nxd5 13. Bxd5 Bg5 14. f4 exf4
15. Qf3 fxe3 16. Qxh3 exf2+ 17. Kxf2 Bh4+ 18. Ke2 Bxe1 19. Rxe1 Qa5 20. Rh1 Qxa2
21. Qxh7# 1-0

[Event "Challenge"]
[Site "http://www.queenalice.com/game.php?id=1001745"]
[Date "2011.10.26"]
[Round "-"]
[White "sylviamm"]
[Black "mibmiranda"]
[Result "1-0"]
[WhiteElo "1210"]
[BlackElo "1407"]

1. e4 Nc6 2. Nc3 e5 3. Nf3 Be7 4. d4 Nxd4 5. Bg5 Nxf3+ 6. Qxf3 Bxg5 7. Bc4 Nh6
8. Qg3 d6 9. h4 Bf4 10. Qxg7 Rg8 11. Bxf7+ Kd7 12. Bxg8+ Qe7 13. Qxe7+ Kxe7 14.
Nd5+ Kd7 15. Be6+ Kd8 16. Bxc8 Kxc8 17. g3 Bd2+ 18. Kxd2 Ng4 19. f3 Nh6 20. Nf6
c5 21. g4 Nf7 22. Nxh7 Kc7 23. Nf6 b6 24. Nd5+ Kc6 25. Ne7+ Kc7 26. Nd5+ Kc6 27.
c4 Nd8 28. h5 Ne6 29. h6 Nd4 30. Rhf1 Rf8 31. Ke3 Nc2+ 32. Kf2 Nxa1 33. Rxa1 b5
34. Ne7+ Kb6 35. g5 bxc4 36. g6 Kc7 37. g7 Rb8 38. h7 Rxb2+ 39. Kg3 c3 40. h8=Q
c2 41. Qc8+ 1-0

[Event "Challenge"]
[Site "http://www.queenalice.com/game.php?id=1001749"]
[Date "2011.10.26"]
[Round "-"]
[White "rsiqueira"]
[Black "mibmiranda"]
[Result "1-0"]
[WhiteElo "1504"]
[BlackElo "1387"]

1. e4 e5 2. Nf3 Nc6 3. Bc4 Qe7 4. d3 h6 5. O-O b6 6. Nc3 Nf6 7. Nd5 Nxd5 8. Bxd5
Bb7 9. Be3 O-O-O 10. a3 g5 11. c3 h5 12. Bxg5 f6 13. Be3 h4 14. h3 Qg7 15. Qa4
Be7 16. Bxc6 Bxc6 17. Qxa7 Rdg8 18. Ne1 f5 19. f3 fxe4 20. dxe4 d5 21. Qa6+ Kb8
22. Bxb6 Bb7 23. Ba7+ Kc8 24. Qa4 Bg5 25. Rf2 Qg6 26. Rd1 Rg7 27. exd5 Bf4 28.
Qc4 Rd8 29. b4 Qg3 30. Kf1 Rd6 31. Qe4 Kd7 32. Qf5+ Ke7 33. Bc5 Ba6+ 34. Nd3 Rf7
35. Bxd6+ cxd6 36. Qe6+ Kf8 37. Qxd6+ Kg7 38. Qxa6 Be3 39. Qe6 Bxf2 40. Nxf2 Rf6
41. Qg4+ Rg6 42. Qxg3 1-0

[Event "Challenge"]
[Site "http://www.queenalice.com/game.php?id=1002542"]
[Date "2011.10.28"]
[Round "-"]
[White "mibmiranda"]
[Black "rsiqueira"]
[Result "1-0"]
[WhiteElo "1376"]
[BlackElo "1515"]

1. e4 e5 2. Nf3 Nc6 3. d3 d5 4. b3 dxe4 5. dxe4 Qxd1+ 6. Kxd1 Bb4 7. Bd2 Nf6 8.
Bxb4 Nxb4 9. Nxe5 O-O 10. Nc3 Be6 11. f3 Rad8+ 12. Nd3 a5 13. a3 Nxd3 14. cxd3
Bxb3+ 15. Ke2 Rd7 16. Rb1 Bc2 17. Rxb7 Bxd3+ 18. Kf2 Rfd8 19. Bxd3 Rxd3 20. Rxc7
Ne8 21. Rc5 f6 22. Nd5 Rxa3 23. Rb1 Nd6 24. Rc7 a4 25. Re1 f5 26. Ne7+ Kf7 27.
Nc6+ Ke8 28. exf5+ 1-0

[Event "Challenge"]
[Site "http://www.queenalice.com/game.php?id=1003027"]
[Date "2011.10.30"]
[Round "-"]
[White "rafa_sax88"]
[Black "mibmiranda"]
[Result "0-1"]
[WhiteElo "1464"]
[BlackElo "1383"]

1. d4 d5 2. Bf4 Nf6 3. Nf3 e6 4. Ne5 Qe7 5. e4 g6 6. Bb5+ c6 7. Bd3 Bg7 8. O-O
O-O 9. exd5 cxd5 10. Nc3 Nc6 11. Qf3 Nxd4 12. Qh3 Nh5 13. Be3 Bxe5 14. Rae1 Bd7
15. g4 Nf6 16. Bg5 Bd6 17. Ne2 Nxe2+ 18. Rxe2 e5 19. Qh4 Qe6 20. f4 Nxg4 21. f5
Qe8 22. Qxg4 e4 23. Qh4 Qe5 24. Bf4 Be7 25. Qf2 Qxf5 26. Qd4 Bc6 27. Bh6 Bf6 28.
Qc5 Qg4+ 29. Rg2 Qh5 30. Bf4 exd3 31. cxd3 d4 32. Qxh5 Bxg2 33. Kxg2 gxh5 34.
Bh6 Bg7 35. Bf4 Rac8 36. Rf2 Rfe8 37. Rf3 Rc2+ 38. Kh3 Re6 39. Rg3 Rg6 40. b4
Rxa2 41. Rxg6 hxg6 0-1

[Event "Challenge"]
[Site "http://www.queenalice.com/game.php?id=1003228"]
[Date "2011.10.30"]
[Round "-"]
[White "mibmiranda"]
[Black "AuntieRenie"]
[Result "1-0"]
[WhiteElo "1362"]
[BlackElo "1481"]

1. e4 d6 2. Nf3 Nf6 3. Nc3 g6 4. Be2 Bg7 5. d3 O-O 6. O-O Nc6 7. a3 Bg4 8. Be3
Nd7 9. Qd2 Bxf3 10. Bxf3 Nde5 11. Be2 f5 12. exf5 Rxf5 13. Nd5 Nd7 14. Nc3 e5
15. Ne4 Nd4 16. Bg4 Rf7 17. b4 Qh4 18. h3 Raf8 19. Bg5 Qxg4 20. hxg4 Ne6 21. Be3
d5 22. Ng5 Nxg5 23. Bxg5 e4 24. Rae1 exd3 25. Qxd3 c6 26. c4 Ne5 27. Qe2 Nxc4
28. a4 Bc3 29. Rb1 Nd2 30. Bxd2 Bf6 31. f3 Kg7 32. Be3 Rh8 33. b5 h5 34. bxc6
bxc6 35. gxh5 Rxh5 36. Rb8 Be5 37. Ra8 Kf6 38. Rc1 Rc7 39. Rxa7 Bh2+ 40. Kf2
Rxa7 41. Bxa7 Re5 42. Rxc6+ Kf5 43. Qd3+ Kg5 44. Qxg6+ Kf4 45. Rf6+ Rf5 46.
Qxf5# 1-0

[Event "Challenge"]
[Site "http://www.queenalice.com/game.php?id=1003294"]
[Date "2011.10.31"]
[Round "-"]
[White "mibmiranda"]
[Black "sylviamm"]
[Result "0-1"]
[WhiteElo "1383"]
[BlackElo "1259"]

1. Nf3 d5 2. d4 Nf6 3. Nc3 Nc6 4. e3 a6 5. g3 g6 6. Bg2 Bg7 7. O-O O-O 8. a3 Qd6
9. Bd2 Re8 10. b4 e5 11. Na4 Bg4 12. c3 e4 13. Nc5 Bxf3 14. Bxf3 b6 15. Nb7 Qe6
16. Be2 Reb8 17. b5 axb5 18. Bxb5 Rxb7 19. Qe2 Na5 20. Rfb1 c5 21. Rb2 Nc4 22.
Rb3 Qh3 23. f3 exf3 24. Qxf3 Nxd2 25. Qf4 Nxb3 26. Rd1 Rxa3 27. Qd6 Ra2 0-1

[Event "Challenge"]
[Site "http://www.queenalice.com/game.php?id=1004036"]
[Date "2011.11.2"]
[Round "-"]
[White "mibmiranda"]
[Black "artemise"]
[Result "0-1"]
[WhiteElo "1386"]
[BlackElo "1564"]

1. e4 e5 2. Nf3 Nc6 3. Nc3 Nf6 4. d3 Be7 5. Be2 O-O 6. Bd2 d5 7. exd5 Nxd5 8.
O-O Re8 9. Nb5 a6 10. Nc3 b5 11. a3 Bf6 12. Nxd5 Qxd5 13. c4 Qd6 14. Ng5 Nd4 15.
Bf3 Nxf3+ 16. Qxf3 Rb8 17. Ne4 Qe6 18. Nxf6+ Qxf6 19. Qe3 bxc4 20. b4 cxd3 21.
Rac1 Qg6 22. Rxc7 Bb7 23. f3 e4 24. fxe4 Bxe4 25. Qf2 Rf8 26. g3 Bd5 27. Bf4 Qe4
28. Re1 Qh1# 0-1

[Event "Challenge"]
[Site "http://www.queenalice.com/game.php?id=1005290"]
[Date "2011.11.5"]
[Round "-"]
[White "sylviamm"]
[Black "mibmiranda"]
[Result "1-0"]
[WhiteElo "1348"]
[BlackElo "1402"]

1. Nf3 Nc6 2. d4 d5 3. g3 Nf6 4. Nc3 e6 5. Bg2 Bd6 6. O-O O-O 7. Bg5 h6 8. Bf4
Bxf4 9. gxf4 b6 10. a4 a5 11. Ne5 Bb7 12. Nb5 Nxe5 13. fxe5 Nh5 14. e3 g6 15.
Qg4 Ba6 16. Rfc1 Bxb5 17. axb5 Qd7 18. c4 Rad8 19. b4 dxc4 20. Rxc4 Rc8 21. Rc6
axb4 22. Qd1 f6 23. Qb3 Ng7 24. exf6 Rxf6 25. Ra7 Qf7 26. f4 Nf5 27. d5 Nd6 28.
Qxb4 Ne8 29. Bh3 Ng7 30. Qc4 g5 31. dxe6 Qe7 32. Rcxc7 Rxc7 33. Rxc7 Qe8 34. e7+
Kh7 35. Qe4+ Rg6 36. Kf2 gxf4 37. Bf5 Nxf5 38. Qxf5 fxe3+ 39. Kxe3 Kg7 40. Qf8+
Qxf8 41. e8=Q+ 1-0